Dentro la globalizzazione : (Record no. 111933)

MARC details
000 -LEADER
campo de control de longitud fija 00856cam a2200301Mu 4500
001 - NÚMERO DE CONTROL
campo de control 94588
005 - FECHA Y HORA DE LA ÚLTIMA TRANSACCIÓN
campo de control 20230411090052.0
008 - DATOS DE LONGITUD FIJA--INFORMACIÓN GENERAL
campo de control de longitud fija 070115s2006 it 000 0 ita d
035 ## - NÚMERO DE CONTROL DEL SISTEMA
Número de control de sistema (OCoLC)ocn635643960
040 ## - FUENTE DE CATALOGACIÓN
Centro catalogador/agencia de origen SzZUIDS
Lengua de catalogación ger
Centro/agencia transcriptor CHVBK
020 ## - NÚMERO INTERNACIONAL ESTÁNDAR DEL LIBRO
Número Internacional Estándar del Libro 8842062588
020 ## - NÚMERO INTERNACIONAL ESTÁNDAR DEL LIBRO
Número Internacional Estándar del Libro 9788842062585
029 0# - OTRO NÚMERO DE CONTROL DE SISTEMA (OCLC)
Identificador de la biblioteca OCLC CHVBK
Número de control de sistema 103944273
035 ## - NÚMERO DE CONTROL DEL SISTEMA
Número de control de sistema (OCoLC)635643960
041 1# - CÓDIGO DE IDIOMA
Código de lengua del texto/banda sonora o título independiente ita
Código de lengua original eng
049 ## - FONDOS LOCALES (OCLC)
Biblioteca depositaria GRAL
100 1# - ENTRADA PRINCIPAL--NOMBRE DE PERSONA
Nombre de persona Bauman, Zygmunt,
Fechas asociadas al nombre 1925-
245 10 - MENCIÓN DEL TÍTULO
Título Dentro la globalizzazione :
Resto del título le conseguenze sulle persone /
Mención de responsabilidad, etc. Zygmunt Bauman ; traduzione di Oliviero Pesce.
250 ## - MENCION DE EDICION
Mención de edición 9a ed.
260 ## - PUBLICACIÓN, DISTRIBUCIÓN, ETC.
Lugar de publicación, distribución, etc. Roma ;
-- Bari :
Nombre del editor, distribuidor, etc. Editori Laterza,
Fecha de publicación, distribución, etc. 2006.
300 ## - DESCRIPCIÓN FÍSICA
Extensión 152 p.
490 0# - MENCIÓN DE SERIE
Mención de serie Economica Laterza ;
Designación de volumen o secuencia 211
500 ## - NOTA GENERAL
Nota general Originaltitel: Globalization.
653 ## - TÉRMINO DE INDIZACIÓN--NO CONTROLADO
Término no controlado Cambiamento sociale
942 ## - ELEMENTOS DE ENTRADA SECUNDARIOS (KOHA)
Fuente del sistema de clasificación o colocación Clasificación de Library of Congress
Tipo de ítem Koha
994 ## -
-- C0
-- DRFGD
946 ## - PROCESAMIENTO DE INFORMACIÓN LOCAL (OCLC)
a JP
Holdings
Estatus retirado Estado de pérdida Fuente del sistema de clasificación o colocación Estado de daño No para préstamo Colección Biblioteca de origen Biblioteca actual Ubicación en estantería Fecha de adquisición Código de barras Visto por última vez Copia número Tipo de ítem Koha
    Clasificación de Library of Congress     Automatización y Procesos Técnicos Biblioteca Juan Bosch Biblioteca Juan Bosch Automatización y Procesos Técnicos (1er. Piso) 11/04/2023 00000088300 17/02/2019 1